[Event "Oberliga Baden 1617"]
[Site "Baden"]
[Date "2017.03.19"]
[Round "7.3"]
[White "Sonnenfeld, Daniel"]
[Black "Vogelbacher, Georg"]
[Result "1/2-1/2"]
[WhiteElo "2064"]
[BlackElo "2100"]
[PlyCount "33"]
[EventDate "2016.10.16"]
[EventType "team-tourn"]
[EventRounds "9"]
[EventCountry "GER"]
[SourceTitle "EXT 2018"]
[Source "ChessBase"]
[SourceDate "2017.10.13"]
[SourceVersion "1"]
[SourceVersionDate "2017.10.13"]
[SourceQuality "1"]
[WhiteTeam "Oberwinden"]
[BlackTeam "Waldshut Tiengen"]
[WhiteTeamCountry "GER"]
[BlackTeamCountry "GER"]

1. d4 Nf6 2. Bg5 e6 3. e4 h6 4. Bxf6 Qxf6 5. c3 d5 6. Nd2 c5 7. dxc5 Bxc5 8. Ngf3 0-0 9. Bd3 Nc6 10. 0-0 Rd8 11. Qe2 d4 12. Nb3 Qe7 13. Nxc5 Qxc5 14. Rac1 Qb6 15. cxd4 Nxd4 16. Nxd4 Rxd4 17. Rfd1 1/2-1/2

[Event "Oberliga Baden 1617"]
[Site "Baden"]
[Date "2016.12.04"]
[Round "3.4"]
[White "Schwing, Hans Elmar"]
[Black "Vogelbacher, Georg"]
[Result "1-0"]
[WhiteElo "2320"]
[BlackElo "2100"]
[PlyCount "121"]
[EventDate "2016.10.16"]
[EventType "team-tourn"]
[EventRounds "9"]
[EventCountry "GER"]
[SourceTitle "EXT 2018"]
[Source "ChessBase"]
[SourceDate "2017.10.13"]
[SourceVersion "1"]
[SourceVersionDate "2017.10.13"]
[SourceQuality "1"]
[WhiteTeam "Dreisamtal"]
[BlackTeam "Waldshut Tiengen"]
[WhiteTeamCountry "GER"]
[BlackTeamCountry "GER"]

1. d4 Nf6 2. c4 e6 3. Nf3 d5 4. Nc3 c6 5. Bg5 Be7 6. e3 Nbd7 7. Rc1 h6 8. Bh4 0-0 9. Qc2 Re8 10. a3 a6 11. c5 e5 12. dxe5 Ng4 13. Bxe7 Qxe7 14. Ne2 Ndxe5 15. Ned4 Bd7 16. Qd2 a5 17. Be2 Nf6 18. 0-0 Nxf3+ 19. Bxf3 Bg4 20. Bxg4 Nxg4 21. Nf3 Nf6 22. b4 Ne4 23. Qb2 Qf6 24. Qxf6 Nxf6 25. Nd4 g6 26. b5 cxb5 27. Nxb5 Rec8 28. Rfd1 Rc6 29. Nd4 Rc7 30. Nb5 Rc6 31. a4 Re8 32. h3 Re4 33. Nd4 Rc8 34. Rb1 Nd7 35. Rxb7 Nxc5 36. Rc1 Nxb7 37. Rxc8+ Kg7 38. Rc7 Nd8 39. Rd7 Ne6 40. Nxe6+ Rxe6 41. Rxd5 Ra6 42. g4 Kf6 43. Kg2 Ke6 44. e4 f5 45. gxf5+ gxf5 46. Rxf5 Ra8 47. f3 Ra7 48. Rb5 Kf6 49. h4 Ra8 50. Kg3 Ke6 51. Rb6+ Ke5 52. Rxh6 Rg8+ 53. Kf2 Kd4 54. Rh5 Ra8 55. Rb5 Ra7 56. h5 Ra8 57. h6 Rh8 58. Rh5 Kc4 59. Rxa5 Rxh6 60. Ke3 Rb6 61. Rd5 1-0

[Event "Oberliga Baden 1516"]
[Site "Baden"]
[Date "2015.11.15"]
[Round "3.6"]
[White "Herbrechtsmeier, Christof"]
[Black "Vogelbacher, Georg"]
[Result "1-0"]
[WhiteElo "2275"]
[BlackElo "2109"]
[PlyCount "49"]
[EventDate "2015.09.20"]
[EventType "team-tourn"]
[EventRounds "9"]
[EventCountry "GER"]
[SourceTitle "EXT 2018"]
[Source "ChessBase"]
[SourceDate "2017.10.13"]
[SourceVersion "1"]
[SourceVersionDate "2017.10.13"]
[SourceQuality "1"]
[WhiteTeam "Emmendingen"]
[BlackTeam "Waldshut Tiengen"]
[WhiteTeamCountry "GER"]
[BlackTeamCountry "GER"]

1. e4 e6 2. d4 d5 3. Nc3 Bb4 4. e5 c5 5. dxc5 Bxc3+ 6. bxc3 Qa5 7. Bd2 Qxc5 8. Qg4 Ne7 9. Qxg7 Rg8 10. Qxh7 Nbc6 11. f4 Bd7 12. Qd3 Nf5 13. g3 0-0-0 14. Nf3 Kb8 15. Rb1 Na5 16. Nd4 Nc4 17. Nxf5 Nxd2 18. Kxd2 exf5 19. Qd4 Qc7 20. Bd3 Rge8 21. Rhe1 f6 22. exf6 Bc6 23. Rxe8 Rxe8 24. Re1 Rh8 25. Re2 1-0

[Event "Oberliga Baden 1415"]
[Site "Baden"]
[Date "2015.01.18"]
[Round "5.6"]
[White "Vogelbacher, Georg"]
[Black "Herbrechtsmeier, Christof"]
[Result "0-1"]
[WhiteElo "2128"]
[BlackElo "2291"]
[PlyCount "110"]
[EventDate "2014.09.21"]
[EventType "team-tourn"]
[EventRounds "9"]
[EventCountry "GER"]
[SourceTitle "EXT 2016"]
[Source "ChessBase"]
[SourceDate "2015.10.08"]
[SourceVersion "1"]
[SourceVersionDate "2015.10.08"]
[SourceQuality "1"]
[WhiteTeam "Waldshut Tiengen"]
[BlackTeam "Emmendingen"]
[WhiteTeamCountry "GER"]
[BlackTeamCountry "GER"]

1. d4 g6 2. c4 Nf6 3. Nc3 d5 4. Nf3 Bg7 5. Bg5 Ne4 6. cxd5 Nxg5 7. Nxg5 e6 8. Nf3 exd5 9. b4 c6 10. e3 0-0 11. Bd3 Be6 12. 0-0 Nd7 13. Rc1 a5 14. a3 Qe7 15. Qb3 axb4 16. axb4 b5 17. Ne2 Rfc8 18. Ne1 Nb6 19. Qc3 Nc4 20. Nc2 Bg4 21. Ra1 Bxe2 22. Bxe2 f5 23. Rxa8 Rxa8 24. Ra1 Qb7 25. g3 Ra7 26. Bd3 Bf8 27. f3 Qa8 28. Rxa7 Qxa7 29. e4 fxe4 30. fxe4 Qa2 31. exd5 cxd5 32. Bxc4 bxc4 33. Qe1 Qxc2 34. Qe6+ Kg7 35. Qe5+ Kf7 36. Qxd5+ Ke7 37. Qc5+ Ke8 38. Qc6+ Kd8 39. Qb6+ Kd7 40. Qb5+ Kc7 41. Qa5+ Kc6 42. Qa8+ Kd7 43. Qxf8 Qd1+ 44. Kg2 Qd2+ 45. Kf3 Qd3+ 46. Kg2 Qxd4 47. Qf7+ Kc6 48. Qxh7 Qe4+ 49. Kf2 Kb5 50. Qd7+ Kxb4 51. Qd6+ Kb3 52. Qb6+ Kc2 53. Qb4 Qd4+ 54. Ke2 Qd3+ 55. Ke1 Qc3+ 0-1

[Event "Oberliga Baden 1314"]
[Site "Germany"]
[Date "2013.12.15"]
[Round "4.7"]
[White "Vogelbacher, Georg"]
[Black "Raps, Johannes"]
[Result "0-1"]
[WhiteElo "2118"]
[BlackElo "2152"]
[PlyCount "68"]
[EventDate "2013.10.13"]
[EventType "team-tourn"]
[EventRounds "9"]
[EventCountry "GER"]
[SourceTitle "EXT 2015"]
[Source "ChessBase"]
[SourceDate "2014.11.20"]
[SourceVersion "1"]
[SourceVersionDate "2014.11.20"]
[SourceQuality "1"]
[WhiteTeam "Waldshut"]
[BlackTeam "Bad Mergentheim"]
[WhiteTeamCountry "GER"]
[BlackTeamCountry "GER"]

1. d4 d5 2. c4 c6 3. Nc3 Nf6 4. Nf3 g6 5. Bg5 Ne4 6. cxd5 Nxg5 7. Nxg5 e6 8. Nf3 exd5 9. e3 Bg7 10. b4 0-0 11. Be2 a5 12. a3 Qd6 13. Rb1 Bf5 14. Rb2 Nd7 15. Na4 b5 16. Nc5 Nxc5 17. bxc5 Qe7 18. 0-0 Rfe8 19. Re1 Qc7 20. Nd2 Re7 21. Nf1 Rae8 22. Ng3 Bd7 23. Bf1 h5 24. Ne2 Bh6 25. Qc2 Bf5 26. Qb3 h4 27. Nc3 h3 28. g3 Qd7 29. Qd1 Qe6 30. Bd3 Bg4 31. Be2 Bxe3 32. Bxg4 Bxf2+ 33. Kxf2 Qf6+ 34. Qf3 Qxd4+ 0-1

[Event "Oberliga Baden 1213"]
[Site "Baden"]
[Date "2013.04.14"]
[Round "9.6"]
[White "Vogelbacher, Georg"]
[Black "Friedel, Marcus"]
[Result "1/2-1/2"]
[WhiteElo "2136"]
[BlackElo "2132"]
[PlyCount "71"]
[EventDate "2012.10.14"]
[EventType "team-tourn"]
[EventRounds "9"]
[EventCountry "GER"]
[SourceTitle "EXT 2014"]
[Source "ChessBase"]
[SourceDate "2013.11.20"]
[SourceVersion "1"]
[SourceVersionDate "2013.11.20"]
[SourceQuality "1"]
[WhiteTeam "Waldshut"]
[BlackTeam "Ettlingen"]
[WhiteTeamCountry "GER"]
[BlackTeamCountry "GER"]

1. d4 d6 2. c4 e5 3. dxe5 dxe5 4. Qxd8+ Kxd8 5. Nc3 c6 6. Nf3 f6 7. Bd2 Be6 8. b3 Kc7 9. g3 Na6 10. Bg2 Ba3 11. 0-0 Rd8 12. Bc1 Bb4 13. Bb2 Nc5 14. Rad1 Nh6 15. Nb1 Nd7 16. Na3 Nf7 17. Nc2 Be7 18. Rd2 Nb6 19. Rfd1 a5 20. Bc3 Ra8 21. Ne3 Rhd8 22. Rxd8 Nxd8 23. Nxe5 fxe5 24. Bxe5+ Kc8 25. Bxg7 a4 26. Be4 axb3 27. axb3 Ra3 28. Nf5 Bc5 29. Bf6 Nd7 30. Be7 Rxb3 31. Bxc5 Nxc5 32. Nd6+ Kc7 33. Ne8+ Kc8 34. Nd6+ Kc7 35. Ne8+ Kc8 36. Nd6+ 1/2-1/2

[Event "Oberliga Baden 1213"]
[Site "Baden"]
[Date "2012.10.14"]
[Round "1.7"]
[White "Goelgeci, Oguz"]
[Black "Vogelbacher, Georg"]
[Result "1-0"]
[WhiteElo "2001"]
[BlackElo "2136"]
[PlyCount "77"]
[EventDate "2012.10.14"]
[EventType "team-tourn"]
[EventRounds "9"]
[EventCountry "GER"]
[SourceTitle "EXT 2014"]
[Source "ChessBase"]
[SourceDate "2013.11.20"]
[SourceVersion "1"]
[SourceVersionDate "2013.11.20"]
[SourceQuality "1"]
[WhiteTeam "Baden-Baden III"]
[BlackTeam "Waldshut"]
[WhiteTeamCountry "GER"]
[BlackTeamCountry "GER"]

1. d4 Nf6 2. c4 e6 3. Nc3 d5 4. Nf3 c5 5. e3 Nc6 6. a3 a6 7. dxc5 Bxc5 8. b4 Ba7 9. Bb2 0-0 10. Be2 dxc4 11. Bxc4 b5 12. Ba2 Bb7 13. 0-0 Qe7 14. Rc1 Rfd8 15. Qc2 Rd7 16. Bb1 h6 17. Ne2 Rad8 18. Ng3 Kf8 19. Bc3 Bb8 20. Nh4 Be5 21. Be1 Bxg3 22. fxg3 Ne5 23. Bc3 Be4 24. Qe2 Bxb1 25. Rxb1 Nc4 26. Bd4 Kg8 27. a4 Rd5 28. Nf3 e5 29. Bc5 Rxc5 30. bxc5 Qxc5 31. Kh1 Ne4 32. Rbc1 Qb6 33. axb5 axb5 34. Rb1 Nc3 35. Qxc4 Nxb1 36. Qb4 Qxe3 37. Rxb1 e4 38. Re1 Qd3 39. Qxe4 1-0

[Event "Oberliga Baden 1112"]
[Site "Germany"]
[Date "2012.03.18"]
[Round "8.4"]
[White "Vogelbacher, Georg"]
[Black "Mueller, Olaf"]
[Result "1-0"]
[WhiteElo "2131"]
[BlackElo "2293"]
[PlyCount "55"]
[EventDate "2011.10.02"]
[EventType "team-tourn"]
[EventRounds "9"]
[EventCountry "GER"]
[SourceTitle "EXT 2013"]
[Source "ChessBase"]
[SourceDate "2012.11.22"]
[SourceVersion "1"]
[SourceVersionDate "2012.11.22"]
[SourceQuality "1"]
[WhiteTeam "Waldshut"]
[BlackTeam "Kirchheim"]
[WhiteTeamCountry "GER"]
[BlackTeamCountry "GER"]

1. d4 Nf6 2. c4 c5 3. d5 e5 4. Nc3 d6 5. e4 Be7 6. f4 exf4 7. Bxf4 0-0 8. Be2 Re8 9. Qd3 b5 10. cxb5 a6 11. bxa6 Bxa6 12. Qc2 Qa5 13. Bd2 Nbd7 14. Nf3 Ng4 15. h3 Nge5 16. 0-0 Bf6 17. Nxe5 Bxe5 18. Bf4 Bd4+ 19. Kh1 Qb6 20. a4 Bf6 21. Nb5 Ne5 22. Bh6 Qd8 23. Bd2 Rc8 24. Bc3 g6 25. Na7 Bxe2 26. Qxe2 Ra8 27. Nc6 Nxc6 28. Bxf6 1-0

[Event "Oberliga Baden 1112"]
[Site "Germany"]
[Date "2011.10.02"]
[Round "1.6"]
[White "Vogelbacher, Georg"]
[Black "Sadewasser, Axel"]
[Result "1/2-1/2"]
[WhiteElo "2131"]
[BlackElo "2216"]
[PlyCount "156"]
[EventDate "2011.10.02"]
[EventType "team-tourn"]
[EventRounds "9"]
[EventCountry "GER"]
[SourceTitle "EXT 2013"]
[Source "ChessBase"]
[SourceDate "2012.11.22"]
[SourceVersion "1"]
[SourceVersionDate "2012.11.22"]
[SourceQuality "1"]
[WhiteTeam "Waldshut"]
[BlackTeam "Ettlingen"]
[WhiteTeamCountry "GER"]
[BlackTeamCountry "GER"]

1. d4 Nf6 2. c4 e6 3. Nc3 d5 4. Bg5 Be7 5. Nf3 0-0 6. e3 b6 7. Rc1 Bb7 8. Bd3 Nbd7 9. 0-0 h6 10. Bh4 c5 11. cxd5 Nxd5 12. Bg3 Nxc3 13. Rxc3 Nf6 14. dxc5 Bxc5 15. Qb3 Qe7 16. Rd1 Rfd8 17. Be5 Rd5 18. Bc4 Rxd1+ 19. Qxd1 Rd8 20. Rd3 Rxd3 21. Qxd3 Nd7 22. Bg3 Nf6 23. a3 Qd7 24. Qxd7 Nxd7 25. Nd4 Kf8 26. Kf1 a6 27. b4 Be7 28. f3 b5 29. Bb3 Nb6 30. Ke2 Ke8 31. Kd3 Kd7 32. Be5 g6 33. Ne2 Bd5 34. Bxd5 Nxd5 35. g4 Nb6 36. Bb2 Nc4 37. Bc1 Ne5+ 38. Ke4 Bd6 39. Ng1 f5+ 40. gxf5 gxf5+ 41. Kd4 Nc6+ 42. Kd3 Bxh2 43. Nh3 Be5 44. e4 h5 45. f4 Ba1 46. Ng5 h4 47. Bd2 Bb2 48. Kc2 Bf6 49. exf5 exf5 50. Nh3 Kd6 51. Bc3 Bxc3 52. Kxc3 Kd5 53. Kd3 Nd8 54. Nf2 Nf7 55. Nd1 Nh6 56. Nf2 Ng4 57. Nh3 Kc6 58. Kd4 Kd6 59. Ng5 Nf2 60. Nf7+ Ke7 61. Ng5 h3 62. Nf3 Kd6 63. Nh4 h2 64. Nxf5+ Kc6 65. Ng3 h1Q 66. Nxh1 Nxh1 67. f5 Ng3 68. f6 Nf5+ 69. Ke5 Nh6 70. Ke6 Kc7 71. Kd5 Nf7 72. Ke6 Ng5+ 73. Kd5 Nh7 74. f7 Nf8 75. Kc5 Nd7+ 76. Kd5 Nf8 77. Kc5 Nd7+ 78. Kd5 Nf8 1/2-1/2

[Event "Oberliga Baden 0910"]
[Site "Germany"]
[Date "2009.12.13"]
[Round "4.8"]
[White "Bochis, Julia"]
[Black "Vogelbacher, Georg"]
[Result "0-1"]
[WhiteElo "2085"]
[BlackElo "2119"]
[PlyCount "86"]
[EventDate "2009.10.18"]
[EventType "team-tourn"]
[EventRounds "9"]
[EventCountry "GER"]
[SourceTitle "EXT 2011"]
[Source "ChessBase"]
[SourceDate "2010.11.26"]
[SourceVersion "1"]
[SourceVersionDate "2010.11.26"]
[SourceQuality "1"]
[WhiteTeam "Baden-Baden III"]
[BlackTeam "Waldshut"]
[WhiteTeamCountry "GER"]
[BlackTeamCountry "GER"]

1. e4 e6 2. d4 d5 3. Nc3 Bb4 4. e5 c5 5. a3 Bxc3+ 6. bxc3 Ne7 7. Qg4 Qc7 8. Qxg7 Rg8 9. Qxh7 cxd4 10. Ne2 Nbc6 11. f4 Bd7 12. Qd3 dxc3 13. Nxc3 0-0-0 14. Nb5 Nxe5 15. Nxc7 Nxd3+ 16. cxd3 Kxc7 17. Bb2 Nf5 18. Be5+ Kc8 19. Kf2 Bc6 20. Be2 d4 21. Rhg1 Rg6 22. Bh5 Rh6 23. g4 f6 24. gxf5 fxe5 25. Bg4 exf4 26. fxe6 Rxh2+ 27. Ke1 Rg8 28. Kf1 Rh4 29. Bd1 Rxg1+ 30. Kxg1 Rh1+ 31. Kf2 Kd8 32. a4 Ke7 33. a5 Rh2+ 34. Kg1 Rg2+ 35. Kf1 f3 36. Rc1 Ra2 37. Bb3 Rxa5 38. Bc4 Rh5 39. Kf2 Rh2+ 40. Kg3 Rg2+ 41. Kf4 Rb2 42. Ke5 f2 43. Bd5 Rb5 0-1

[Event "Baden-ch"]
[Site "Oberwinden"]
[Date "2007.04.07"]
[Round "2"]
[White "Rombach, Michael"]
[Black "Vogelbacher, Georg"]
[Result "1/2-1/2"]
[WhiteElo "2106"]
[BlackElo "2163"]
[PlyCount "95"]
[EventDate "2007.04.06"]
[EventType "swiss"]
[EventRounds "11"]
[EventCountry "GER"]
[SourceTitle "CBM 117 Extra"]
[Source "ChessBase"]
[SourceDate "2007.05.09"]
[SourceVersion "1"]
[SourceVersionDate "2007.05.09"]
[SourceQuality "1"]

1. d4 Nf6 2. c4 e6 3. Nf3 d5 4. Nc3 c5 5. cxd5 cxd4 6. Nxd4 Nxd5 7. e4 Nxc3 8. bxc3 Bc5 9. Bc4 Nc6 10. Be3 Nxd4 11. Bxd4 Bxd4 12. cxd4 Qa5+ 13. Qd2 Qxd2+ 14. Kxd2 b6 15. d5 exd5 16. Bxd5 Rb8 17. Rac1 Be6 18. Bxe6 fxe6 19. Rc7 0-0 20. Ke3 Rf7 21. Rhc1 Re8 22. f4 Kf8 23. a4 Rxc7 24. Rxc7 Re7 25. Rc6 Kf7 26. g4 g6 27. Kd4 Rb7 28. h4 a6 29. a5 bxa5 30. Rxa6 Rb4+ 31. Ke5 Rb5+ 32. Kd6 Rb4 33. Ra7+ Ke8 34. Ke5 a4 35. h5 gxh5 36. gxh5 h6 37. f5 exf5 38. Kxf5 Kf8 39. e5 Rh4 40. Kg6 Re4 41. Kf6 Rf4+ 42. Kg6 Re4 43. Kf5 Rh4 44. e6 Ke8 45. Ke5 Rg4 46. Kf6 Rf4+ 47. Ke5 Rg4 48. Kf6 1/2-1/2

[Event "Oberliga Baden 0607"]
[Site "Germany"]
[Date "2007.03.18"]
[Round "7.7"]
[White "Vogelbacher, Georg"]
[Black "Spiegel, Stefan"]
[Result "0-1"]
[WhiteElo "2163"]
[BlackElo "2222"]
[PlyCount "70"]
[EventDate "2006.10.15"]
[EventType "team-tourn"]
[EventRounds "9"]
[EventCountry "GER"]
[SourceTitle "EXT 2008"]
[Source "ChessBase"]
[SourceDate "2007.11.25"]
[SourceVersion "1"]
[SourceVersionDate "2007.11.25"]
[SourceQuality "1"]
[WhiteTeam "Waldshut"]
[BlackTeam "Viernheim"]
[WhiteTeamCountry "GER"]
[BlackTeamCountry "GER"]

1. d4 Nf6 2. c4 e6 3. Nc3 Bb4 4. Nf3 b6 5. e3 Bb7 6. Bd3 Ne4 7. Bd2 Nxd2 8. Qxd2 d5 9. cxd5 exd5 10. 0-0 0-0 11. Ne5 Nd7 12. f4 Nf6 13. Qc2 c5 14. a3 Bxc3 15. Qxc3 Rc8 16. Rac1 Qe7 17. Bf5 Rc7 18. b4 c4 19. g4 Ne8 20. Qe1 Nd6 21. Bb1 f6 22. Nf3 Re8 23. Kf2 Bc8 24. Rg1 Kh8 25. g5 Bf5 26. Bxf5 Nxf5 27. Rc3 Nd6 28. gxf6 gxf6 29. Rc2 Qe4 30. Qc1 Qf5 31. Re2 Rce7 32. Ne1 Qh3 33. Rg2 Nf5 34. Kg1 Nxe3 35. Rg3 Qf1# 0-1

[Event "Oberliga Baden 0607"]
[Site "Germany"]
[Date "2007.02.04"]
[Round "5.7"]
[White "Vogelbacher, Georg"]
[Black "Mathonia, Claude"]
[Result "1/2-1/2"]
[WhiteElo "2163"]
[BlackElo "2216"]
[PlyCount "88"]
[EventDate "2006.10.15"]
[EventType "team-tourn"]
[EventRounds "9"]
[EventCountry "GER"]
[SourceTitle "EXT 2008"]
[Source "ChessBase"]
[SourceDate "2007.11.25"]
[SourceVersion "1"]
[SourceVersionDate "2007.11.25"]
[SourceQuality "1"]
[WhiteTeam "Waldshut"]
[BlackTeam "Zaehringen"]
[WhiteTeamCountry "GER"]
[BlackTeamCountry "GER"]

1. d4 d5 2. c4 dxc4 3. e3 c5 4. Bxc4 e6 5. Nf3 Nf6 6. Nc3 a6 7. a4 Nc6 8. 0-0 Be7 9. dxc5 Qxd1 10. Rxd1 Bxc5 11. Nd2 Bd7 12. Nce4 Nxe4 13. Nxe4 Bb4 14. Nd6+ Bxd6 15. Rxd6 Ke7 16. Rd1 Na5 17. Be2 Nb3 18. Ra3 Nxc1 19. Rxc1 Rhc8 20. Rac3 Rxc3 21. Rxc3 Rc8 22. Rxc8 Bxc8 23. b4 a5 24. bxa5 Kd6 25. Bb5 Kc5 26. Kf1 Kb4 27. Ke2 Kxa5 28. Kd3 Kb4 29. Kd4 b6 30. g3 Bb7 31. e4 f6 32. f4 Bc8 33. e5 f5 34. Bc6 Ba6 35. Be8 Bc4 36. Bc6 Ba2 37. Be8 Bd5 38. Bb5 Kb3 39. Be8 Kc2 40. Bb5 Kb3 41. Be8 Kb4 42. Bb5 Bb3 43. Bd7 Bc4 44. Bc6 Bb3 1/2-1/2

[Event "Oberliga Baden 0607"]
[Site "Germany"]
[Date "2006.10.29"]
[Round "2.7"]
[White "Braun, Klaus"]
[Black "Vogelbacher, Georg"]
[Result "0-1"]
[WhiteElo "2051"]
[BlackElo "2163"]
[PlyCount "52"]
[EventDate "2006.10.15"]
[EventType "team-tourn"]
[EventRounds "9"]
[EventCountry "GER"]
[SourceTitle "CBM 115 Extra"]
[Source "ChessBase"]
[SourceDate "2007.01.10"]
[SourceVersion "1"]
[SourceVersionDate "2007.01.10"]
[SourceQuality "1"]
[WhiteTeam "Neuhausen"]
[BlackTeam "Waldshut"]
[WhiteTeamCountry "GER"]
[BlackTeamCountry "GER"]

1. d4 Nf6 2. c4 e6 3. Nf3 d5 4. Nc3 c5 5. cxd5 cxd4 6. Qa4+ Bd7 7. Qxd4 exd5 8. e3 Nc6 9. Qd1 Bb4 10. Bd2 0-0 11. Be2 Ne4 12. 0-0 Bg4 13. Rc1 Re8 14. a3 Bd6 15. Nb5 Bxf3 16. Bxf3 Be5 17. Bc3 Nxc3 18. Nxc3 Re6 19. Qxd5 Bxh2+ 20. Kh1 Rd6 21. Qe4 Rh6 22. Rfd1 Qg5 23. Qg4 Qf6 24. Rd5 Ne5 25. Qa4 Nxf3 26. Ne4 Bg1+ 0-1